000 00874 a2200229 4500
005 20170608110958.0
008 140219s1985 enk||||frn 000 0 eng d
020 _a9780714632506
040 _aCO-BoUCM
_bspa
_c[Nuevo]
_dHenry Ríos
245 0 4 _aThe Nuclear Non-proliferation Treaty
_ceditado por Ian Bellany, Coit D. Blacker y Joseph Gallacher
260 _bRoutledge
_aLondres (Inglaterra)
_c1985
300 _a134 páginas
650 4 _911872
_aControl de armas nucleares
_vTratados internacionales
650 4 _920412
_aNo proliferación nuclear
_vTratados internacionales
690 _942753
_aCiencia militar
700 1 _aBellany, Ian
_eeditor
_956686
700 1 _aBlacker, Coit D.
_eeditor
_956687
700 1 _aGallacher, Joseph
_eeditor
_956688
942 _a6
_cLIBRO
_e1
_mT374
_2DEWEY
_h355.825119
041 _aeng
999 _c184516
_d184516